[Event "Charleroi op"]
[Site "Roux"]
[Date "2019.07.30"]
[Round "5"]
[White "Vanden Bussche, Steven"]
[Black "Anciaux, Marc"]
[Result "0-1"]
[WhiteElo "2061"]
[BlackElo "2120"]
[PlyCount "86"]
[EventDate "2019.07.27"]
[EventType "swiss"]
[EventRounds "9"]
[EventCountry "BEL"]
[SourceTitle "CBM 191 Extra"]
[Source "ChessBase"]
[SourceDate "2019.09.30"]
[SourceVersion "1"]
[SourceVersionDate "2019.09.30"]
[SourceQuality "1"]

1. c4 Nf6 2. g3 e6 3. Bg2 d5 4. Nf3 Be7 5. 0-0 0-0 6. b3 c5 7. Bb2 Nc6 8. e3 b6 9. d3 Bb7 10. Nbd2 Qc7 11. Qe2 Rad8 12. cxd5 Nxd5 13. Nc4 Bf6 14. Bxf6 Nxf6 15. Rac1 e5 16. Rfd1 Rfe8 17. a3 Qe7 18. Qc2 h6 19. Nh4 g6 20. Nd2 Na5 21. Nhf3 e4 22. dxe4 Nxe4 23. Nxe4 Bxe4 24. Qc3 Qe6 25. b4 Nb3 26. Rxd8 Rxd8 27. Re1 Qd5 28. Nh4 Bxg2 29. Nxg2 Nd2 30. Kh1 Ne4 31. Qb2 c4 32. f3 Nd2 33. Qf6 Rd6 34. Qf4 g5 35. Qg4 Qxf3 36. Qxf3 Nxf3 37. Rc1 c3 38. Rxc3 Rd1+ 39. Ne1 Nxe1 40. Rc7 Rd2 41. Kg1 Nf3+ 42. Kf1 Nxh2+ 43. Ke1 Nf3+ 0-1

[Event "BEL FEFB-ch"]
[Site "Tihan"]
[Date "1998.??.??"]
[Round "2"]
[White "Faybish, Nimrod"]
[Black "Anciaux, Marc"]
[Result "1/2-1/2"]
[WhiteElo "2225"]
[BlackElo "2125"]
[PlyCount "43"]
[EventDate "1998.??.??"]
[EventType "swiss"]
[EventRounds "7"]
[EventCountry "FRA"]
[SourceTitle "EXT 2001"]
[Source "ChessBase"]
[SourceDate "2000.11.22"]
[SourceVersion "1"]
[SourceVersionDate "2000.11.22"]
[SourceQuality "1"]

1. e4 e5 2. Nf3 Nc6 3. Bc4 Nf6 4. d4 exd4 5. e5 d5 6. Bb5 Ne4 7. Nxd4 Bd7 8. Bxc6 bxc6 9. 0-0 c5 10. Ne2 Bb5 11. f3 Ng5 12. Nbc3 Bc6 13. f4 Ne4 14. Nxe4 dxe4 15. Qe1 f5 16. Be3 Qd5 17. Nc3 Qe6 18. Qf2 0-0-0 19. Rfd1 Rxd1+ 20. Rxd1 g5 21. fxg5 Bg7 22. Rf1 1/2-1/2

[Event "BEL-ch"]
[Site "Brasschaat"]
[Date "1990.??.??"]
[Round "11"]
[White "Anciaux, Marc"]
[Black "Van Houtte, Thierry"]
[Result "0-1"]
[WhiteElo "2210"]
[BlackElo "2225"]
[PlyCount "88"]
[EventDate "1990.07.16"]
[EventType "tourn"]
[EventRounds "13"]
[EventCountry "BEL"]
[SourceTitle "EXT 2004"]
[Source "ChessBase"]
[SourceDate "2003.11.25"]
[SourceVersion "1"]
[SourceVersionDate "2003.11.25"]
[SourceQuality "1"]

1. e4 c5 2. Nf3 Nc6 3. Nc3 e6 4. g3 d5 5. d3 d4 6. Ne2 b6 7. Bg2 Bb7 8. 0-0 Be7 9. Ne1 h5 10. f4 h4 11. f5 hxg3 12. Nxg3 e5 13. Nh5 Nf6 14. Bf3 Nxh5 15. Bxh5 Bf6 16. Bg4 Qe7 17. a4 a5 18. Bd2 0-0-0 19. Nf3 Ba6 20. Be1 Kb8 21. Bg3 Ka7 22. b3 Bg5 23. Kg2 Bc8 24. h3 Rdg8 25. Qe2 Be3 26. c3 g6 27. f6 Bxg4 28. hxg4 Qe6 29. Rh1 Bf4 30. Bxf4 exf4 31. Kf2 dxc3 32. e5 Qxb3 33. e6 Qxe6 34. Qxe6 fxe6 35. Rxh8 Rxh8 36. Rc1 Nb4 37. Ne5 g5 38. f7 c2 39. Ke2 Rf8 40. Kd2 Kb7 41. Rh1 Nc6 42. Nf3 Rxf7 43. Nxg5 Re7 44. Kxc2 Nd4+ 0-1

[Event "BEL-ch"]
[Site "Brasschaat"]
[Date "1990.??.??"]
[Round "5"]
[White "Anciaux, Marc"]
[Black "Vanderwaeren, Serge"]
[Result "0-1"]
[WhiteElo "2210"]
[BlackElo "2335"]
[PlyCount "80"]
[EventDate "1990.07.16"]
[EventType "tourn"]
[EventRounds "13"]
[EventCountry "BEL"]
[SourceTitle "EXT 2004"]
[Source "ChessBase"]
[SourceDate "2003.11.25"]
[SourceVersion "1"]
[SourceVersionDate "2003.11.25"]
[SourceQuality "1"]

1. e4 c5 2. Nf3 e6 3. d4 cxd4 4. Nxd4 Nc6 5. Nb5 d6 6. c4 Nf6 7. N1c3 a6 8. Na3 Be7 9. Be2 0-0 10. 0-0 Bd7 11. Be3 Qb8 12. Rc1 Na7 13. Nab1 Bc6 14. f3 Nc8 15. Qb3 Bd8 16. Rfd1 Bc7 17. Kh1 Re8 18. Rd2 h6 19. Bf1 Ne7 20. Bb6 Bxb6 21. Qxb6 d5 22. exd5 exd5 23. Rcd1 dxc4 24. Bxc4 Nf5 25. Re2 Qf4 26. Qb3 Rf8 27. Nd5 Bxd5 28. Bxd5 Nd4 29. g3 Nxb3 30. gxf4 Nc5 31. Re7 Rae8 32. Re5 Nxd5 33. Rexd5 Ne6 34. Rd7 b5 35. Ra7 Nxf4 36. Rxa6 Re2 37. Nc3 Rxb2 38. Rb6 b4 39. Nd5 Nh3 40. Rxb4 Nf2+ 0-1

[Event "BEL-ch"]
[Site "Ghent"]
[Date "1989.08.05"]
[Round "13"]
[White "Deleyn, Gunter"]
[Black "Anciaux, Marc"]
[Result "1-0"]
[WhiteElo "2318"]
[BlackElo "2215"]
[PlyCount "65"]
[EventDate "1989.07.24"]
[EventType "tourn"]
[EventRounds "13"]
[EventCountry "BEL"]
[SourceTitle "EXT 2005"]
[Source "ChessBase"]
[SourceDate "2004.11.15"]
[SourceVersion "1"]
[SourceVersionDate "2004.11.15"]
[SourceQuality "1"]

1. c4 e5 2. g3 Nf6 3. Bg2 d5 4. cxd5 Nxd5 5. Nc3 Nb6 6. Nf3 Nc6 7. 0-0 Be7 8. a3 a5 9. d3 0-0 10. Be3 Be6 11. Rc1 f5 12. Nb5 Bf6 13. Bc5 Rf7 14. e4 Rd7 15. Qc2 fxe4 16. dxe4 a4 17. Rfe1 Kh8 18. Bf1 Na5 19. Rcd1 Bb3 20. Rxd7 Nxd7 21. Qc1 b6 22. Be3 c5 23. Nc3 Nc6 24. Nd2 Nd4 25. Bxd4 exd4 26. Nd5 Bxd5 27. exd5 Ne5 28. Qb1 Rc8 29. Qf5 Nf7 30. Ne4 Rb8 31. Qe6 Qe7 32. Nxf6 Qxf6 33. Qe8+ 1-0

[Event "BEL-ch"]
[Site "Ghent"]
[Date "1989.08.03"]
[Round "10"]
[White "Anciaux, Marc"]
[Black "Vanderwaeren, Serge"]
[Result "0-1"]
[WhiteElo "2215"]
[BlackElo "2266"]
[PlyCount "106"]
[EventDate "1989.07.24"]
[EventType "tourn"]
[EventRounds "13"]
[EventCountry "BEL"]
[SourceTitle "EXT 2005"]
[Source "ChessBase"]
[SourceDate "2004.11.15"]
[SourceVersion "1"]
[SourceVersionDate "2004.11.15"]
[SourceQuality "1"]

1. e4 c5 2. Nf3 e6 3. d4 cxd4 4. Nxd4 Nc6 5. Nc3 a6 6. Be2 Nge7 7. 0-0 b5 8. Kh1 Nxd4 9. Qxd4 Nc6 10. Qe3 Bd6 11. f4 Bc7 12. Bd2 Bb7 13. a4 b4 14. Na2 a5 15. c3 bxc3 16. Bxc3 0-0 17. Rad1 f6 18. Nc1 Bb6 19. Qd2 Rf7 20. Nb3 Re7 21. Bf3 Ba6 22. Rfe1 Bc4 23. Qc2 Rc8 24. Be2 Bxe2 25. Qxe2 Qc7 26. Qg4 Rf7 27. Rd3 Ne7 28. Rh3 Ng6 29. Qh5 Nf8 30. f5 Qc4 31. Nd2 Qxa4 32. e5 Qf4 33. exf6 Rxc3 34. bxc3 Qxd2 35. Rd1 Qc2 36. fxg7 Rxg7 37. Rg3 Rxg3 38. hxg3 Qxc3 39. Rf1 Qf6 40. g4 Be3 41. g3 e5 42. Re1 Qc6+ 43. Kh2 Qf3 44. Rb1 Qe2+ 45. Kh3 Qd3 46. Rh1 Bf2 47. Qg5+ Kf7 48. Qh5+ Kg7 49. Qh4 a4 50. Kg2 Be3 51. f6+ Kg8 52. f7+ Kg7 53. Rf1 Qe2+ 0-1

[Event "BEL-ch"]
[Site "Ghent"]
[Date "1989.07.29"]
[Round "7"]
[White "Anciaux, Marc"]
[Black "Goormachtigh, Johan"]
[Result "1-0"]
[WhiteElo "2215"]
[BlackElo "2314"]
[PlyCount "49"]
[EventDate "1989.07.24"]
[EventType "tourn"]
[EventRounds "13"]
[EventCountry "BEL"]
[SourceTitle "EXT 2005"]
[Source "ChessBase"]
[SourceDate "2004.11.15"]
[SourceVersion "1"]
[SourceVersionDate "2004.11.15"]
[SourceQuality "1"]

1. e4 c5 2. Nf3 e6 3. d4 cxd4 4. Nxd4 Nf6 5. Nc3 d6 6. Be2 Be7 7. 0-0 Nc6 8. Kh1 0-0 9. f4 Bd7 10. Be3 Nxd4 11. Qxd4 Bc6 12. Rad1 Qb8 13. e5 dxe5 14. fxe5 Nd7 15. Bf4 Bc5 16. Qd3 Nxe5 17. Qg3 f6 18. Bc4 Re8 19. Qh3 Qc8 20. Bxe5 fxe5 21. Rf5 Bd4 22. Rg5 Bxc3 23. Qxc3 Qc7 24. Rxe5 Bd5 25. Rexd5 1-0

[Event "BEL-ch"]
[Site "Ghent"]
[Date "1989.07.29"]
[Round "6"]
[White "Van Houtte, Thierry"]
[Black "Anciaux, Marc"]
[Result "0-1"]
[WhiteElo "2182"]
[BlackElo "2215"]
[PlyCount "78"]
[EventDate "1989.07.24"]
[EventType "tourn"]
[EventRounds "13"]
[EventCountry "BEL"]
[SourceTitle "EXT 2005"]
[Source "ChessBase"]
[SourceDate "2004.11.15"]
[SourceVersion "1"]
[SourceVersionDate "2004.11.15"]
[SourceQuality "1"]

1. e4 e5 2. Nf3 Nc6 3. Nc3 Nf6 4. d4 exd4 5. Nxd4 d6 6. Bc4 Be7 7. h3 0-0 8. Be3 Re8 9. 0-0 Bf8 10. Nxc6 bxc6 11. Bg5 Be6 12. Bd3 h6 13. Bh4 Be7 14. f4 Nh7 15. Bxe7 Qxe7 16. Qh5 Rab8 17. b3 d5 18. exd5 Nf6 19. Qf3 cxd5 20. Rae1 Qd6 21. Kh1 Bd7 22. Rd1 Bc6 23. Qf2 a5 24. a4 Rb4 25. Kg1 Kf8 26. g3 Rbb8 27. Bb5 Bxb5 28. axb5 Ne4 29. Nxe4 Rxe4 30. c4 d4 31. Rd3 Rbe8 32. Rfd1 Rd8 33. R1d2 Qc5 34. Kh2 Kg8 35. Kg2 Qe7 36. Kf1 Qc5 37. Kg2 a4 38. bxa4 Qxc4 39. Qf3 Qd5 0-1